|
|
|
|
| LEADER |
00000nam0a2200000 4500 |
| 001 |
294970 |
| 005 |
20231102000747.0 |
| 010 |
|
|
|a 9785496010597
|
| 035 |
|
|
|a (RuTPU)RU\TPU\book\320046
|
| 090 |
|
|
|a 294970
|
| 100 |
|
|
|a 20150519d2015 km y0rusy50 ca
|
| 101 |
1 |
|
|a rus
|c eng
|
| 102 |
|
|
|a RU
|
| 105 |
|
|
|a a z 000zy
|
| 200 |
1 |
|
|a Сожги свое портфолио! То, чему не научат в дизайнерских школах
|e пер. с англ.
|f М. Джанда
|
| 210 |
|
|
|a Санкт-Петербург
|c Питер
|d 2015
|
| 215 |
|
|
|a 383 с.
|c ил.
|
| 330 |
|
|
|a Эта книга даст гораздо больше для успешной карьеры в дизайне, чем профильное дизайнерское образование или впечатляющее потфолио. Вы познакомитесь с реалиями дизайнерского бизнеса, существующими практиками и неписаными правилами ведения дел, о которых большинство дизайнеров, фотографов и представителей других творческих профессий узнают, только окунувшись в реальную работу. Автор книги, Майкл Джанда, владелец собственной дизайн-студии в утонченной юмористической манере делится сотнями советов, выстраданных за 10 лет, которые он провел в дизайнерском бизнесе. В удивительно смешной, но при этом чрезвычайно полезной книге собрана бесценная информация о работе в команде, построении отношений с заказчиками и коллегами, взаимодействии с клиентами и многом другом. Вы узнаете, что от мозгового штурма зачастую больше вреда, чем пользы; что любой сотрудник в дизайнерской студии — заменяем, даже если это арт-директор; что "дизайнеры — с Марса, а заказчики — с Венеры"; что у вас есть всего 65 секунд, чтобы получить работу или заказ. Книга представляет 111 уникальных авторских советов, без понимания которых начало работы в дизайнерском бизнесе покажется вам сущим адом
|
| 606 |
1 |
|
|a Дизайн
|x Психология
|2 stltpush
|3 (RuTPU)RU\TPU\subj\72332
|9 85893
|
| 610 |
1 |
|
|a творчество
|
| 610 |
1 |
|
|a дизайнерские идеи
|
| 610 |
1 |
|
|a дизайнеры
|
| 610 |
1 |
|
|a дизайнерские работы
|
| 610 |
1 |
|
|a арт-объекты
|
| 610 |
1 |
|
|a бизнес
|
| 686 |
|
|
|a Ю945
|v LBC/SL-A
|2 rubbk
|
| 700 |
|
1 |
|a Джанда
|b М.
|g Майкл
|
| 801 |
|
1 |
|a RU
|b 63413507
|c 20150519
|
| 801 |
|
2 |
|a RU
|b 63413507
|c 20150706
|g RCR
|
| 942 |
|
|
|c BK
|
| 959 |
|
|
|a 72/20150519
|d 1
|e 875,00
|f ЧЗТЛ:1
|